Dos casos sin precedente en las cuestiones de lances de honor que el semanario "El Sombrero de Tres Picos" rindiendo debido homenaje a la justicia, al honor y el valor de su director Don Ramón Díaz de Bustamante y García somete al examen y juicio de cuantos sean caballeros y juzguen dignamente. (Record no. 41541)

MARC details
000 -LEADER
campo de control de longitud fija 00768nam a2200169 i 4500
001 - NÚMERO DE CONTROL
campo de control 41541
003 - IDENTIFICADOR DE NÚMERO DE CONTROL
campo de control ES-MaACL
005 - FECHA Y HORA DE LA ÚLTIMA TRANSACCIÓN
campo de control 20230906160441.0
007 - CAMPO FIJO DE DESCRIPCIÓN FÍSICA--INFORMACIÓN GENERAL
campo de control de longitud fija t|
008 - DATOS DE LONGITUD FIJA--INFORMACIÓN GENERAL
campo de control de longitud fija 030311s1919 sp c |||| | spa d
245 00 - MENCIÓN DEL TÍTULO
Título Dos casos sin precedente en las cuestiones de lances de honor que el semanario "El Sombrero de Tres Picos" rindiendo debido homenaje a la justicia, al honor y el valor de su director Don Ramón Díaz de Bustamante y García somete al examen y juicio de cuantos sean caballeros y juzguen dignamente.
260 ## - PUBLICACIÓN, DISTRIBUCIÓN, ETC.
Lugar de publicación, distribución, etc. Madrid :
Nombre del editor, distribuidor, etc. [s.n.],
Fecha de publicación, distribución, etc. 1919 (
Fabricante Imp. de Gabriel López del Homo)
300 ## - DESCRIPCIÓN FÍSICA
Extensión 100 p. :
Otras características físicas 1 retr. ;
Dimensiones 20 cm.
599 ## - NOTA A LAS ILUSTRACIONES
NOTA A LAS ILUSTRACIONES Retr. del Dr. D. Ramón Díaz de Bustamante.
650 #4 - PUNTO DE ACCESO ADICIONAL DE MATERIA--TÉRMINO DE MATERIA
Término de materia o nombre geográfico como elemento de entrada Duelos-
Subdivisión geográfica España.
9 (RLIN) 155858
852 ## - LOCALIZACIÓN
Ubicación ES-MaACL
Número de control de estantería 1587-F-5
Holdings
Estatus retirado Estado de pérdida Estado de daño No para préstamo Colección Biblioteca de origen Biblioteca actual Ubicación en estantería Fecha de adquisición Fuente de adquisición Total de préstamos Signatura topográfica completa Código de barras Visto por última vez Precio de reemplazo Tipo de ítem Koha
        Colección de folletos Biblioteca del Ateneo de Madrid Biblioteca del Ateneo de Madrid Depósito folletos 17/01/2008     1587-F-5 1043730 23/02/2023 23/02/2023 Folleto